000 00407nam a2200121Ia 4500
008 220615s9999||||xx |||||||||||||| ||und||
245 0 _aPrions
_bSome Physiological and Pathophysiological Aspects
546 _aEnglish[eng]
650 _aInfectious & contagious diseases
700 _aNikolaev Sirakov, Ivo
856 _uhttps://mts.intechopen.com/storage/books/7209/authors_book/authors_book.pdf
942 _cEB
999 _c7483
_d7483